000 01264nam a2200229Ia 4500
003 Ost
005 20260507075647.0
008 260507s9999||||xx |||||||||||||| ||und||
020 _a5243059960
040 _cfsecg
041 _aara
082 _a658.15939
100 _aمخلوف، ابراهيم أحمد
_eمؤلف
245 0 _aنظرية القرارات التجارية /
_c ابراهيم أحمد مخلوف
250 _aطبعة 2
260 _aالرياض:
_bجامعة الملك سعود,
_c1990
300 _a253 صفحة؛
_bإيضاحات ؛
_c24 سم
520 _aالقرارات ذات المرحلة الواحدة- شجرة القرارات وجدوى المعلومات التجارية- إتخاذ القرارات والمعاينة في ضوء التوزيع الطبيعي- مفهوم المنفعة- الوصف العام للمنفعة ومفهوم الإستراتيجية- اللعبة الثنائية الصفرية- بعض طرق حل اللعبة الثنائية الصفرية- اللعبة الثنائية غير الصفرية- اللعبة العامة المكونة من أشخاص عددهم n.
653 _aإتخاذ القرار
653 _aالتجارة- تنظيم وإدارة
942 _cكتاب
999 _c45506
_d45506